000 01015nam a22003257a 4500
001 BR2014007849
003 BR-BrBNA
005 20230928104554.0
007 ta
008 230509b bl.||||| |||| 00| 0 por d
040 _aBR-BrBNA
_bpor
_cBiblioteca Nacional de Agricultura
041 _a(Por)
072 _aT01; F60
_b2790
090 _ 2790 BR2014007849
100 1 _aRibeiro, E.S.
110 1 _aUniversidade Federal de Lavras, MG (Brasil)
_0Tese (Mestrado)
245 1 _aAnatomia, nutrição e fisiologia de Echinodorus grandiflorus (Cham. Schltdl.)Micheli ssp. grandiflorus submetida ao chumbo
260 3 _aLavras, MG (Brasil):
_c2014.
300 _a78 p.
500 _aSummaries (Eng, Por); Bibliography p. 67-78; 14 illus.
650 _aPLANTA MEDICINAL
650 _aCONTAMINACAO
650 _aCHUMBO
650 _aMETAL PESADO
650 _aANATOMIA VEGETAL
650 _aFISIOLOGIA VEGETAL
650 _aNUTRICAO VEGETAL
909 _a202309
_bLucia
_c55
_dLucia Elande
942 _cBK
999 _c80636
_d80636